书目信息 |
| 题名: |
怎么上课, 学生才喜欢
|
|
| 作者: | 魏勇, 著 | |
| 分册: | ||
| 出版信息: | 北京 中国人民大学出版社 2016 |
|
| 页数: | 196页 | |
| 开本: | 24cm | |
| 丛书名: | ||
| 单 册: | ||
| 中图分类: | G632.421 | |
| 科图分类: | ||
| 主题词: | 课堂教学--ke tang jiao xue--教学研究--中学 | |
| 电子资源: | ||
| ISBN: | 978-7-300-22584-5 | |
| 000 | 01292nam0 22002651 450 | |
| 001 | 012017000069 | |
| 005 | 20180111085603.23 | |
| 010 | @a978-7-300-22584-5@b@dCNY38.00 | |
| 100 | @a20160516d2016 em y0chiy0121 ea | |
| 101 | 0 | @achi |
| 102 | @aCN@b110000 | |
| 105 | @ay z 000yy | |
| 106 | @ar | |
| 200 | 1 | @a怎么上课, 学生才喜欢@Azen me shang ke, xue sheng cai xi huan@d= Teach the way students like@f魏勇著@g@zeng |
| 210 | @a北京@c中国人民大学出版社@d2016 | |
| 215 | @a196页@c@d24cm | |
| 314 | @a魏勇, 1970年生, 北京十一学校历史特级教师, 北京市海淀区中学教师高级职称评审专家。出版有《用思想点燃课堂》《教师的力量》等。 | |
| 330 | @a本书是北京十一学校特级教师魏勇的随笔集。作者在书中真诚分享好课的秘密: 要让学生喜欢自己的课, 教师要以真实的自我跟学生相处, 选择与自己天性一致的教学方式, 需要跨界, 要设计好的问题。课堂是拆围墙、开窗户的工程。好课要让学生满腹狐疑, 要给学生惊喜! ……这些心得源于作者独特的思考与实践。本书绝大多数文章是作者来到北京十一学校后写成, 读者从中亦能深刻体会十一学校的教育氛围与教师文化。 | |
| 510 | 1 | @aTeach the way students like@zeng |
| 606 | 0 | @a课堂教学@Ake tang jiao xue@x教学研究@x中学 |
| 690 | @aG632.421@v5 | |
| 701 | 0 | @a魏勇,@Awei yong@f1970-@4著 |
| 801 | 0 | @aCN@b湖北三新@c20161019@g |
| 905 | @aBZT@dG632.421@e11 | |
| 906 | @dCNY38.00@n5@r1 | |
| 怎么上课, 学生才喜欢= Teach the way students like/魏勇著.-北京:中国人民大学出版社,2016 |
| 196页;24cm |
| ISBN 978-7-300-22584-5:CNY38.00 |
| 本书是北京十一学校特级教师魏勇的随笔集。作者在书中真诚分享好课的秘密: 要让学生喜欢自己的课, 教师要以真实的自我跟学生相处, 选择与自己天性一致的教学方式, 需要跨界, 要设计好的问题。课堂是拆围墙、开窗户的工程。好课要让学生满腹狐疑, 要给学生惊喜! ……这些心得源于作者独特的思考与实践。本书绝大多数文章是作者来到北京十一学校后写成, 读者从中亦能深刻体会十一学校的教育氛围与教师文化。 |
| ● |
| 相关链接 |
|
|
|
正题名:怎么上课, 学生才喜欢
索取号:G632.421/11
 
预约/预借
| 序号 | 登录号 | 条形码 | 馆藏地/架位号 | 状态 | 备注 |
| 1 | 845943 | 2000845943 | 第二书库/ [索取号:G632.421/11] | 在馆 | |
| 2 | 845944 | 2000845944 | 第二书库/ [索取号:G632.421/11] | 在馆 | |
| 3 | 845945 | 2000845945 | 第二书库/ [索取号:G632.421/11] | 在馆 |